| 000 | 00873nam a2200241 a 4500 | ||
|---|---|---|---|
| 001 | 49688 | ||
| 003 | BD-RjUL | ||
| 005 | 20211209054720.0 | ||
| 008 | 160822s1984 BG ||||| |||| 00| 0 ben d | ||
| 020 | _c:TK. 16.00 | ||
| 035 | _a(BD-RjUL)49808 | ||
| 040 |
_aBD-RjUL _bben _cBD-RjUL |
||
| 041 | _aben | ||
| 082 |
_223 _a891.441 _bAHB 1984 |
||
| 100 | 1 |
_aআহমদ, নাজিরউদ্দিন _9146439 |
|
| 245 | 1 | 0 |
_aবিক্ষুব্ধ আত্মা=TORMENTED SOUL / _cশফি আহমদ , অনুবাদক |
| 260 |
_aঢাকা : _bনিলুফার আহমেদ, _c১৯৮৪ |
||
| 300 |
_a[১০], ৩৮ পৃ ; _c২১ সেমি. |
||
| 650 |
_aবাংলা কবিতা _9146440 |
||
| 650 |
_aBengali Poetry _9146441 |
||
| 700 |
_aআহমদ, শফি, অনুবাদক _9148982 |
||
| 942 |
_2ddc _cBK |
||
| 999 |
_c49688 _d49688 |
||